000 00377nam a2200145Ia 4500
008 151213s9999 xx 000 0 und d
100 _aCharles Dickens
245 _aBleak House
_cCharles Dickens
260 _aLondon
_bChapman and Hall
_c1911
300 _a5242 p.
650 _aEnglish Literature
650 _aEnglish Literature
700 _aCharles Dickens
999 _c3234
_d3234